LEADER 01131nam 2200385 450 001 9910162840803321 005 20230810001929.0 010 $a1-5345-6036-X 035 $a(CKB)3710000001044527 035 $a(MiAaPQ)EBC5430170 035 $a(EXLCZ)993710000001044527 100 $a20180706d2017 uy 0 101 0 $aeng 135 $aurcnu|||||||| 181 $ctxt$2rdacontent 182 $cc$2rdamedia 183 $acr$2rdacarrier 200 10$aElon Musk $espace entrepreneur /$fRyan Nagelhout 210 1$aNew York, New York :$cLucent Press,$d2017. 215 $a1 online resource (106 pages) 225 1 $aPeople in the News 311 $a1-5345-6035-1 320 $aIncludes bibliographical references and index. 410 0$aPeople in the news (San Diego, Calif.) 606 $aBusinesspeople$zUnited States$vBiography$vJuvenile literature 615 0$aBusinesspeople 676 $a338.092 700 $aNagelhout$b Ryan$01244394 801 0$bMiAaPQ 801 1$bMiAaPQ 801 2$bMiAaPQ 906 $aBOOK 912 $a9910162840803321 996 $aElon Musk$93419163 997 $aUNINA